000 00923nam a22002537a 4500
005 20170123162352.0
010 _aA-949221
020 _c150.00
035 _aA-949221
037 _bCen Lib/Ret
040 _aDPL
_bUR
082 _a370.954
_bغ ر و
100 _aغوری، شبیر احمد خاں
_9109752
245 _a/ اسلامی ہند میں کلامو فلسفہ
_cشبیر احمد خاں غوری
246 _aIslami Hind main kalamw falsafa /
_bby Shabir Ahmad Khan Ghauri
260 _aپٹنہ
_bخدا بخش ورئیےنٹل پبلک لائبریری
_c1967
270 _aخدا بخش ورئیےنٹل پبلک لائبریری
_bپٹنہ
300 _a389p.
_c21cm(Hb)
650 _a تعلیم
_9137528
650 _a تعلیم -- اسلام
_9400
650 _aEducation
_91169
650 _aEducation -- Islam
_9116985
942 _2ddc
_cUR
_h370.954
_mغ ر و
999 _c109367
_d109367